000
00273nam a22001097a 4500
082
_a
358.0942
_b
ROY
100
_a
Bart, B. Head
_9
50693
245
_a
The Royal engineers
_c
Bart, B. Head
526
_a
0
_b
0
_c
0
_d
358_094200000000000_ROY
650
_a
MCE
_9
379
942
_2
ddc
_c
BK
999
_c
553458
_d
553458